<?xml version="1.0" encoding="UTF-8"?>
<record
    xmlns:xsi="http://www.w3.org/2001/XMLSchema-instance"
    xsi:schemaLocation="http://www.loc.gov/MARC21/slim http://www.loc.gov/standards/marcxml/schema/MARC21slim.xsd"
    xmlns="http://www.loc.gov/MARC21/slim">

  <leader>03444nam a22004697a 4500</leader>
  <controlfield tag="003">chap</controlfield>
  <controlfield tag="005">20230515181908.0</controlfield>
  <controlfield tag="007">ta</controlfield>
  <controlfield tag="008">230515s2018    mx o|||fr|||| 001 0 spa d</controlfield>
  <datafield tag="020" ind1=" " ind2=" ">
    <subfield code="a">978-607-97851-8-5</subfield>
  </datafield>
  <datafield tag="040" ind1=" " ind2=" ">
    <subfield code="a">mxchpua</subfield>
    <subfield code="c">CHAP</subfield>
    <subfield code="e">rda</subfield>
  </datafield>
  <datafield tag="050" ind1="1" ind2="0">
    <subfield code="a">HD38.5</subfield>
    <subfield code="b">.S55 2018</subfield>
  </datafield>
  <datafield tag="082" ind1="0" ind2="0">
    <subfield code="a">658.5</subfield>
    <subfield code="b">S55 2018</subfield>
    <subfield code="2">20</subfield>
  </datafield>
  <datafield tag="100" ind1="1" ind2=" ">
    <subfield code="9">163542</subfield>
    <subfield code="a">Silvera Escudero, Rodolfo Enrique</subfield>
    <subfield code="e">autor </subfield>
  </datafield>
  <datafield tag="245" ind1="1" ind2="0">
    <subfield code="a">Macrolog&#xED;stica internacional /   </subfield>
    <subfield code="c">Rodolfo Enrique Silvera Escudero</subfield>
  </datafield>
  <datafield tag="250" ind1=" " ind2=" ">
    <subfield code="a">1a edici&#xF3;n</subfield>
  </datafield>
  <datafield tag="264" ind1=" " ind2=" ">
    <subfield code="a">M&#xE9;xico :</subfield>
    <subfield code="b">ECO Ediciones, </subfield>
    <subfield code="c">2018</subfield>
  </datafield>
  <datafield tag="300" ind1=" " ind2=" ">
    <subfield code="a">xvi, 206 p&#xE1;ginas, </subfield>
    <subfield code="b">tablas, fotos</subfield>
  </datafield>
  <datafield tag="336" ind1=" " ind2=" ">
    <subfield code="2">rdacontent</subfield>
    <subfield code="a">texto</subfield>
    <subfield code="b">txt</subfield>
  </datafield>
  <datafield tag="337" ind1=" " ind2=" ">
    <subfield code="2">rdamedia</subfield>
    <subfield code="a">sin medio</subfield>
    <subfield code="b">n</subfield>
  </datafield>
  <datafield tag="338" ind1=" " ind2=" ">
    <subfield code="2">rdacarrier</subfield>
    <subfield code="a">volumen</subfield>
    <subfield code="b">nc</subfield>
  </datafield>
  <datafield tag="490" ind1="1" ind2=" ">
    <subfield code="a">Ciencias empresariales. Log&#xED;stica (ECOE Ediciones)</subfield>
  </datafield>
  <datafield tag="504" ind1=" " ind2=" ">
    <subfield code="a">Bibliograf&#xED;a: p&#xE1;gina 207</subfield>
  </datafield>
  <datafield tag="505" ind1="0" ind2=" ">
    <subfield code="a">TABLA DE CONTENIDO --
PR&#xD3;LOGO --
INTRODUCCI&#xD3;N --
CAP&#xCD;TULO 1. MACROLOG&#xCD;STICA EN EL COMERCIO INTERNACIONAL Y EL MARKETING --
CAP&#xCD;TULO 2. POL&#xCD;TICAS DE ADUANAS APLICADAS A LA MACROLOG&#xCD;STICA INTERNACIONAL --
CAP&#xCD;TULO 3. COSTOS DE EXPORTACI&#xD3;N E IMPORTACI&#xD3;N APLICADOS A LA MACROLOG&#xCD;STICA INTERNACIONAL --
CAP&#xCD;TULO 4. TAREAS DE LA DISTRIBUCI&#xD3;N F&#xCD;SICA INTERNACIONAL CON PLUS MACROLOG&#xCD;STICO --
CAP&#xCD;TULO 5. APLICACI&#xD3;N DEL SISTEMA &#xC1;LGEBRAICO A LA MACROLOG&#xCD;STICA INTERNACIONAL --
CAP&#xCD;TULO 6. LA MACROLOG&#xCD;STICA INTERNACIONAL Y LA CADENA DE SUMINISTRO GLOBAL --
CAP&#xCD;TULO 7. EJERCICIOS GENERALES DE LOG&#xCD;STICA INTERNACIONAL --
ANEXOS --
MODELOS DE MATRIZ DE MONITOREO Y CONTROL DE LOS PROCESOS LOG&#xCD;STICOS --
MATRIZ DE MONITOREO Y CONTROL DE IMPORTACI&#xD3;N Y EXPORTACI&#xD3;N DE LA DFI --
FORMATO DE DECLARACI&#xD3;N DE IMPORTACI&#xD3;N --
BIBLIOGRAF&#xCD;A</subfield>
  </datafield>
  <datafield tag="520" ind1="2" ind2=" ">
    <subfield code="a">La macrolog&#xED;stica internacional es el an&#xE1;lisis sistem&#xE1;tico de los procesos de distribuci&#xF3;n f&#xED;sica de mercanc&#xED;as, donde intervienen diferentes protagonistas, como importador o exportador, los operadores log&#xED;sticos, transportistas, aseguradores, agentes de cargas, entre otros.
Esta obra presenta un estudio general de tales procesos, a fin de asegurar el desplazamiento sin inconvenientes de las cargas a lo largo de la log&#xED;stica internacional. Aborda el marketing internacional para garantizar la distribuci&#xF3;n de los productos por los diferentes canales y analizar las oportunidades que brindan los mercados internacionales; teniendo en cuenta la econom&#xED;a abierta a los diferentes cambios tecnol&#xF3;gicos y de infraestructura. Ofrece aplicaciones algebraicas y una serie de ejercicios aplicables a los procesos de la log&#xED;stica internacional.
El libro va dirigido a estudiantes a nivel tecnol&#xF3;gico y profesional en &#xE1;reas afines a la distribuci&#xF3;n f&#xED;sica internacional, negocios internaciones, comercio internacional, log&#xED;stica internacional.</subfield>
  </datafield>
  <datafield tag="650" ind1="1" ind2="3">
    <subfield code="9">74925</subfield>
    <subfield code="a">Mercados</subfield>
  </datafield>
  <datafield tag="650" ind1="1" ind2="3">
    <subfield code="9">148164</subfield>
    <subfield code="a">Mercadotecnia</subfield>
  </datafield>
  <datafield tag="650" ind1="1" ind2="3">
    <subfield code="9">187015</subfield>
    <subfield code="a">Canales de mercadeo</subfield>
  </datafield>
  <datafield tag="650" ind1="1" ind2="3">
    <subfield code="9">187016</subfield>
    <subfield code="a">Estudios de mercado</subfield>
  </datafield>
  <datafield tag="650" ind1="1" ind2="3">
    <subfield code="9">161965</subfield>
    <subfield code="a">An&#xE1;lisis de mercado  </subfield>
  </datafield>
  <datafield tag="650" ind1="1" ind2="3">
    <subfield code="9">157250</subfield>
    <subfield code="a">Estrategias comerciales  </subfield>
  </datafield>
  <datafield tag="650" ind1="1" ind2="3">
    <subfield code="9">186877</subfield>
    <subfield code="a">Gesti&#xF3;n comercial</subfield>
  </datafield>
  <datafield tag="650" ind1="1" ind2="3">
    <subfield code="9">186708</subfield>
    <subfield code="a">Markets</subfield>
  </datafield>
  <datafield tag="650" ind1="1" ind2="3">
    <subfield code="9">148134</subfield>
    <subfield code="a">Marketing</subfield>
  </datafield>
  <datafield tag="650" ind1="1" ind2="3">
    <subfield code="9">186879</subfield>
    <subfield code="a">Marketing channels</subfield>
  </datafield>
  <datafield tag="650" ind1="1" ind2="3">
    <subfield code="9">187017</subfield>
    <subfield code="a">Market surveys</subfield>
  </datafield>
  <datafield tag="650" ind1="1" ind2="3">
    <subfield code="9">161966</subfield>
    <subfield code="a">Market analysis</subfield>
  </datafield>
  <datafield tag="650" ind1="1" ind2="3">
    <subfield code="9">157251</subfield>
    <subfield code="a">Marketing strategies</subfield>
  </datafield>
  <datafield tag="650" ind1="1" ind2="3">
    <subfield code="9">157243</subfield>
    <subfield code="a">Business management</subfield>
  </datafield>
  <datafield tag="830" ind1=" " ind2=" ">
    <subfield code="9">163543</subfield>
    <subfield code="a">Ciencias empresariales. Log&#xED;stica (ECOE Ediciones)</subfield>
  </datafield>
  <datafield tag="942" ind1=" " ind2=" ">
    <subfield code="2">ddc</subfield>
    <subfield code="c">Libro</subfield>
  </datafield>
  <datafield tag="999" ind1=" " ind2=" ">
    <subfield code="c">218745</subfield>
    <subfield code="d">218745</subfield>
  </datafield>
  <datafield tag="952" ind1=" " ind2=" ">
    <subfield code="0">0</subfield>
    <subfield code="1">0</subfield>
    <subfield code="2">ddc</subfield>
    <subfield code="4">0</subfield>
    <subfield code="5">1</subfield>
    <subfield code="7">0</subfield>
    <subfield code="8">GRAL</subfield>
    <subfield code="a">IA_</subfield>
    <subfield code="b">IA_</subfield>
    <subfield code="d">2018-11-13</subfield>
    <subfield code="e">Compra ECOE Ediciones  F.1482</subfield>
    <subfield code="i">Consumo</subfield>
    <subfield code="l">0</subfield>
    <subfield code="o">658.5 S55 2018</subfield>
    <subfield code="p">1102014766</subfield>
    <subfield code="r">2023-05-15 00:00:00</subfield>
    <subfield code="t">Ej. 1</subfield>
    <subfield code="w">2023-05-15</subfield>
    <subfield code="y">LIBRO</subfield>
  </datafield>
  <datafield tag="952" ind1=" " ind2=" ">
    <subfield code="0">0</subfield>
    <subfield code="1">0</subfield>
    <subfield code="2">ddc</subfield>
    <subfield code="4">0</subfield>
    <subfield code="5">5</subfield>
    <subfield code="7">0</subfield>
    <subfield code="8">GRAL</subfield>
    <subfield code="a">IA_</subfield>
    <subfield code="b">IA_</subfield>
    <subfield code="d">2018-11-13</subfield>
    <subfield code="e">Compra ECOE Ediciones  F.1482</subfield>
    <subfield code="i">Consumo</subfield>
    <subfield code="l">0</subfield>
    <subfield code="o">658.5 S55 2018</subfield>
    <subfield code="p">1102014767</subfield>
    <subfield code="r">2023-05-15 00:00:00</subfield>
    <subfield code="t">Ej. 2</subfield>
    <subfield code="w">2023-05-15</subfield>
    <subfield code="y">LIBRO</subfield>
  </datafield>
  <datafield tag="952" ind1=" " ind2=" ">
    <subfield code="0">0</subfield>
    <subfield code="1">0</subfield>
    <subfield code="2">ddc</subfield>
    <subfield code="4">0</subfield>
    <subfield code="5">5</subfield>
    <subfield code="7">0</subfield>
    <subfield code="8">GRAL</subfield>
    <subfield code="a">IA_</subfield>
    <subfield code="b">IA_</subfield>
    <subfield code="d">2018-11-13</subfield>
    <subfield code="e">Compra ECOE Ediciones  F.1482</subfield>
    <subfield code="i">Consumo</subfield>
    <subfield code="l">0</subfield>
    <subfield code="o">658.5 S55 2018</subfield>
    <subfield code="p">1102014768</subfield>
    <subfield code="r">2023-05-15 00:00:00</subfield>
    <subfield code="t">Ej. 3</subfield>
    <subfield code="w">2023-05-15</subfield>
    <subfield code="y">LIBRO</subfield>
  </datafield>
  <datafield tag="952" ind1=" " ind2=" ">
    <subfield code="0">0</subfield>
    <subfield code="1">0</subfield>
    <subfield code="2">ddc</subfield>
    <subfield code="4">0</subfield>
    <subfield code="5">5</subfield>
    <subfield code="7">0</subfield>
    <subfield code="8">GRAL</subfield>
    <subfield code="a">IA_</subfield>
    <subfield code="b">IA_</subfield>
    <subfield code="d">2018-11-13</subfield>
    <subfield code="e">Compra ECOE Ediciones  F.1482</subfield>
    <subfield code="i">Consumo</subfield>
    <subfield code="l">0</subfield>
    <subfield code="o">658.5 S55 2018</subfield>
    <subfield code="p">1102014769</subfield>
    <subfield code="r">2023-05-15 00:00:00</subfield>
    <subfield code="t">Ej. 4</subfield>
    <subfield code="w">2023-05-15</subfield>
    <subfield code="y">LIBRO</subfield>
  </datafield>
  <datafield tag="952" ind1=" " ind2=" ">
    <subfield code="0">0</subfield>
    <subfield code="1">0</subfield>
    <subfield code="2">ddc</subfield>
    <subfield code="4">0</subfield>
    <subfield code="5">5</subfield>
    <subfield code="7">0</subfield>
    <subfield code="8">GRAL</subfield>
    <subfield code="a">IA_</subfield>
    <subfield code="b">IA_</subfield>
    <subfield code="d">2018-11-13</subfield>
    <subfield code="e">Compra ECOE Ediciones  F.1482</subfield>
    <subfield code="i">Consumo</subfield>
    <subfield code="l">1</subfield>
    <subfield code="o">658.5 S55 2018</subfield>
    <subfield code="p">1102014770</subfield>
    <subfield code="r">2024-08-13 19:14:48</subfield>
    <subfield code="s">2024-08-13</subfield>
    <subfield code="t">Ej. 5</subfield>
    <subfield code="w">2023-05-15</subfield>
    <subfield code="y">LIBRO</subfield>
  </datafield>
</record>
